000 01128nam a22003257a 4500
003 CHAP
005 20220329140705.0
008 971013s1984 r 00010 d
010 _a56098
011 _a57070
035 _a61223
040 _cCHAP
090 _aTesis
100 0 0 _aZapata Salinas, Laura Elena.
_9123653
245 _aComparación de dos muestreos y de la incubación de la leche sobre la precisión en el aislamiento bacteriológico
260 _aMéxico, D.F. :
_bEl autor,
_c1984
300 _a44 h.
502 _aTesis (Médico Veterinario Zootecnista) -- UNAM. Fac. de Medicina Veterinaria y Zootecnia
590 _aALEPH
_b10
_c20130110
_lUCH01
_h1334
590 _aBATCH-UPD
_b10
_c20130110
_lUCH01
_h0903
590 _aBATCH-UPD
_b10
_c20130410
_lUCH01
_h0531
590 _aBATCH-UPD
_b10
_c20130914
_lUCH01
_h1716
590 _aCONVERSION
_b10
_c20130109
_lUCH01
_h1330
650 1 4 _aLeche
_xAnálisis.
_965359
650 1 4 _aLeche
_xBacteriología.
_965360
650 1 4 _aLeche
_xPasteurización y esterilización.
_965397
901 _aBK
942 _cTESIS
949 _bBC
_cTES
_d-131587
_eTS1
_i61223
_si
999 _c56098
_d56098